| 000 | 00942nmc a2200361 a 4500 | ||
|---|---|---|---|
| 003 | AR-BaBNM | ||
| 005 | 20251128204803.0 | ||
| 008 | 285119s1984 ||||||||||||||000 | spa|| | ||
| 020 | _a950-43-0369-2 | ||
| 040 | _cAR-BaBNM | ||
| 100 | 1 | _aDi Tella, Torcuato S. | |
| 245 | 1 | 0 | _aLa rebelión de esclavos de Haití |
| 250 | _a1ª ed. | ||
| 260 |
_aBuenos Aires _bEdiciones del Ides _c1984 |
||
| 300 | 0 |
_a118 p. _bcuadros, mapas, tablas |
|
| 490 | 0 |
_aAmérica Latina _vv. 2 |
|
| 500 | 0 | _aNotas en p. 97-110 | |
| 504 | _aBibliografía en p. 111-118 | ||
| 650 | 4 | _aREVOLUCION | |
| 650 | 4 | _aCAMBIO SOCIAL | |
| 650 | 4 | _aESCLAVITUD | |
| 650 | 4 | _aMINORIAS ETNICAS | |
| 650 | 4 | _aGRUPOS ETNICOS | |
| 650 | 4 | _aRELACIONES RACIALES | |
| 650 | 4 | _aHISTORIA LATINOAMERICANA | |
| 650 | 4 | _aCONFLICTO RACIAL | |
| 650 | 4 | _aCOLONIZACION | |
| 650 | 4 | _aNEGROS | |
| 651 | 4 | _aHaití | |
| 651 | 4 | _aFrancia | |
| 942 | _cBK | ||
| 998 | _cGLORIA | ||
| 999 |
_c8825 _d8825 |
||